[Event "Rilton Cup 2010-11"]
[Site "Stockholm SWE"]
[Date "2011.01.04"]
[Round "8"]
[White "Berg,E"]
[Black "Brynell,S"]
[Result "1-0"]
[WhiteElo "2627"]
[BlackElo "2492"]

1.d4 e6 2.c4 Nf6 3.g3 d5 4.Nf3 Be7 5.Bg2 O-O 6.O-O b6 7.Nc3 Bb7 8.cxd5 Nxd5
9.Qc2 Nd7 10.Nxd5 Bxd5 11.Bf4 Rc8 12.e4 Ba8 13.Rfd1 Nf6 14.Ne5 Qe8 15.d5 Bd6
16.Nd3 Bxf4 17.Nxf4 exd5 18.exd5 c5 19.dxc6 Bxc6 20.Bxc6 Qxc6 21.Qxc6 Rxc6
22.Rac1 Rcc8 23.h4 g6 24.Kg2 Kg7 25.Kf3 h5 26.Re1 a5 27.Nd3 Rxc1 28.Rxc1 Rd8
29.Ke2 Re8+ 30.Kd1 Rd8 31.Ke2 Re8+ 32.Kf3 Rd8 33.Rc3 Rd6 34.Ke2 Re6+ 35.Kd1 Ng4
36.Rb3 Rd6 37.Ke2 Re6+ 38.Kd2 Rd6 39.Ke2 Re6+ 40.Kd2 Rd6 41.Kc3 Kf6 42.Kc4 Ke6
43.Kb5 Kd7 44.Rc3 f6 45.a4 Ne5 46.Nxe5+ fxe5 47.b3 e4 48.Re3 Re6 49.Ka6 Ke7
50.f3 exf3 51.Rxf3 Rd6 52.Kb7 Ke6 53.Re3+ Kf5 54.Kc7 Rd5 55.Kc6 Rd1 56.Kxb6 Rd5  1-0

[Event "9th Parsvnath Open"]
[Site "New Delhi IND"]
[Date "2011.01.08"]
[Round "2.14"]
[White "Rahman,Zia"]
[Black "Premnath,R"]
[Result "1/2-1/2"]
[WhiteElo "2528"]
[BlackElo "2267"]

1.d4 Nf6 2.c4 e6 3.g3 d5 4.Nf3 Be7 5.Bg2 O-O 6.O-O b6 7.cxd5 exd5 8.Nc3 h6
9.Bf4 a6 10.Rc1 Be6 11.Ne5 c5 12.dxc5 Bxc5 13.Na4 Qe7 14.b4 Bxb4 15.Nxb6 Ra7
16.Nxd5 Nxd5 17.Bxd5 Ba3 18.Rb1 g5 19.Be3 Rc7 20.Bxe6 Qxe6 21.Qb3 Qxe5 22.Qxa3 Rc6
23.Rb7 Qd5 24.Rb3 Qe6 25.Rc1 Nd7 26.Rxc6 Qxc6 27.Qe7 Rc8 28.Rd3 Rb8 29.Rd1 Nf8
30.Rc1 Qe6 31.Qxe6 Nxe6 32.Rc2 Rb4 33.Kg2 Kg7 34.Bd2 Ra4 35.e3 g4 36.h4 Kg6
37.Kf1 Kf5 38.Ke2 Ke4 39.Bc1 h5 40.a3 Kd5 41.f3 gxf3+ 42.Kxf3 Nc5 43.Rd2+ Ke6
44.Rd4 Ra5 45.Bd2 Rb5 46.g4 hxg4+ 47.Rxg4 Nd3 48.Ra4 Ne5+ 49.Ke2 Rb6 50.Bc3 Nc6
51.h5 Kf5 52.Rf4+ Kg5 53.h6 Kxh6  1/2-1/2

[Event "XX Keres Mem Rapid"]
[Site "Tallinn EST"]
[Date "2011.01.09"]
[Round "6"]
[White "Smirnov,Arte"]
[Black "Kovaljov,D"]
[Result "1-0"]
[WhiteElo "2428"]
[BlackElo "2274"]

1.d4 d5 2.c4 e6 3.Nf3 Be7 4.g3 Nf6 5.Bg2 O-O 6.O-O c6 7.Nc3 a6 8.Ne5 Nbd7
9.Bf4 Nxe5 10.dxe5 Nd7 11.cxd5 exd5 12.e4 dxe4 13.Nxe4 Nc5 14.Nd6 Bxd6 15.exd6 Bf5
16.Be3 Ne4 17.g4 Bg6 18.f4 f5 19.Qb3+ Kh8 20.Qxb7 Qxd6 21.Rad1 Qe6 22.Bd4 Qf7
23.Qxf7 Bxf7 24.gxf5 Bd5 25.Rfe1 Rae8 26.Be5 Nf6 27.Bxf6 Bxg2 28.Kxg2 gxf6
29.Re6 Rb8 30.b3 Rb5 31.Rxc6 Rxf5 32.Kf3 a5 33.Kg4 Rb5 34.Rd7 Rg8+ 35.Kf3 Rh5
36.Rxf6 Rxh2 37.Rff7 Rc8 38.f5 Kg8 39.Rg7+ Kf8 40.Kf4 Rcc2 41.Rgf7+ Ke8 42.Rde7+ Kd8
43.Ra7 Ke8 44.Rfe7+ Kf8 45.Reb7 Rhf2+ 46.Ke4 Rce2+ 47.Kd3 Rd2+ 48.Kc4 Rc2+
49.Kd4 Rcd2+ 50.Ke5 Rfe2+ 51.Kf6 Rd6+ 52.Kg5 h6+ 53.Kf4 Rd4+ 54.Kf3 Re5 55.Rb8+ Re8
56.Rxe8+ Kxe8 57.Rxa5 Kf7 58.Ra6 h5 59.Rh6 h4 60.Ke3 Rg4 61.Rg6 Rb4 62.Kf3 Rd4
63.Ra6 h3 64.Rh6 Rd2 65.Rxh3 Rxa2 66.Ke4 Rb2 67.Rf3 Kf6 68.Kd4  1-0

[Event "9th Parsvnath Open"]
[Site "New Delhi IND"]
[Date "2011.01.10"]
[Round "4.35"]
[White "Rahman,Zia"]
[Black "Vasantha Ruba,V"]
[Result "1-0"]
[WhiteElo "2528"]
[BlackElo "1992"]

1.d4 Nf6 2.c4 e6 3.g3 d5 4.Nf3 Be7 5.Bg2 O-O 6.O-O dxc4 7.Qc2 a6 8.a4 Bd7
9.Qxc4 Bc6 10.Bf4 Nbd7 11.Nc3 Nb6 12.Qb3 Nbd5 13.Bd2 Nxc3 14.bxc3 Be4 15.Rfd1 c5
16.Bg5 Qa5 17.Ne5 cxd4 18.cxd4 Qc7 19.Rac1 Qd6 20.Bxf6 gxf6 21.Nxf7 Rxf7
22.Bxe4 Bd8 23.d5 e5 24.Bf5 Rg7 25.Rc6 Qf8 26.d6+ Kh8 27.Rcc1 Qg8 28.Be6 Qf8
29.d7 Ra7 30.Rc8 Re7 31.Bf5 Kg7 32.Qb4 b6 33.Rxd8 Qxd8 34.Qxe7+ Qxe7 35.d8=Q  1-0

[Event "9th Parsvnath Open"]
[Site "New Delhi IND"]
[Date "2011.01.10"]
[Round "4.37"]
[White "Laxman,R"]
[Black "Jethi,S"]
[Result "1/2-1/2"]
[WhiteElo "2463"]
[BlackElo "1987"]

1.Nf3 d5 2.d4 Nf6 3.c4 e6 4.g3 Be7 5.Bg2 O-O 6.O-O c6 7.Qc2 Nbd7 8.Nbd2 Qa5
9.e4 dxe4 10.Nxe4 e5 11.Bg5 exd4 12.Nxd4 Re8 13.Rae1 Nxe4 14.Bxe7 Rxe7 15.Rxe4 Rxe4
16.Qxe4 Nf6 17.Qe7 Bd7 18.Nb3 Qxa2 19.Nc5 Re8 20.Qd6 Bc8 21.Qd4 Qa5 22.h3 Qd8
23.Qc3 Qe7 24.Nd3 Bf5 25.Nf4 h6 26.Qa5 Qe5 27.Qxa7 Qxb2 28.h4 Qb4 29.Qd4 Qe7
30.f3 Qe3+ 31.Qxe3 Rxe3 32.g4 Be6 33.Kf2 Rc3 34.Nxe6 fxe6 35.Rd1 Kf8 36.g5 hxg5
37.hxg5 Nh5 38.Bh3 Nf4 39.Bg4 c5 40.Rd7 b6 41.Kg3 Ne2+  1/2-1/2

[Event "9th Parsvnath Open"]
[Site "New Delhi IND"]
[Date "2011.01.10"]
[Round "4"]
[White "Arun Prasad,S"]
[Black "Aravindh Chithambaram Vr"]
[Result "1-0"]
[WhiteElo "2513"]
[BlackElo "2113"]

1.d4 Nf6 2.Nf3 d5 3.c4 e6 4.g3 Be7 5.Bg2 O-O 6.O-O c5 7.cxd5 exd5 8.Nc3 cxd4
9.Nxd4 Nc6 10.Be3 Be6 11.Nxc6 bxc6 12.Na4 Qa5 13.Rc1 Rac8 14.Bc5 Bxc5 15.Rxc5 Qa6
16.b4 Nd7 17.Ra5 Qc4 18.Qd2 Rb8 19.a3 Qb3 20.Ra1 Rb5 21.Rxa7 Rbb8 22.Qc3 Qxc3
23.Nxc3 Ra8 24.Rxa8 Rxa8 25.a4 Kf8 26.a5 Ke7 27.b5 cxb5 28.Nxb5 Nc5 29.Nc7 Ra7
30.Nxd5+ Kd6 31.Nb4 Nb3 32.Rd1+ Kc5 33.Nc6 Ra6 34.Nd8 Nxa5 35.Nxe6+ fxe6
36.Rd7 Nb3 37.Be4 Ra2 38.Bd3 e5 39.Rxg7 Nd2 40.Bxh7 Nb3 41.Bd3 Nd2 42.Rc7+ Kd6
43.Rc2 Ra1+ 44.Kg2 Nb3 45.h4 Ke7 46.h5 Nd4 47.Rc7+ Kf6 48.h6 Ra8 49.h7 Rh8
50.Bc4 Kg6 51.Bg8 Nxe2 52.Kf3 Nd4+ 53.Ke4 Nf5 54.Kxe5 Nh6 55.Rc6+ Kg7 56.Rxh6 Kxh6
57.Kf6 Kh5 58.f3 Kh6 59.g4 Rxg8 60.hxg8=R Kh7 61.Rf8 Kh6 62.Rh8+  1-0

[Event "B1 Masters"]
[Site "Marianske Lazne CZE"]
[Date "2011.01.15"]
[Round "1"]
[White "Jurek,J"]
[Black "Zier,O"]
[Result "1-0"]
[WhiteElo "2354"]
[BlackElo "2131"]

1.d4 d5 2.c4 e6 3.Nf3 Nf6 4.g3 Be7 5.Bg2 O-O 6.O-O dxc4 7.Qc2 a6 8.Qxc4 b5
9.Qc2 Bb7 10.Bd2 Be4 11.Qc1 Bb7 12.Bf4 Nd5 13.Nc3 Nxf4 14.Qxf4 Bd6 15.Ne5 Bxg2
16.Kxg2 Nd7 17.Qe3 Nb6 18.Rad1 Qc8 19.Ne4 Qb7 20.f3 Bxe5 21.dxe5 Nc4 22.Qc3 Qb6
23.Rd3 Rad8 24.Rc1 Rd5 25.b3 Nxe5 26.Rxd5 exd5 27.Nf2 Qe6 28.Qxc7 f5 29.Rc2 f4
30.Nh3 fxg3 31.hxg3 Qf5 32.Nf4 Nc4 33.Rc3 d4 34.Rd3 Ne3+ 35.Kf2 g5 36.Nh5 g4
37.Qg7+  1-0

[Event "B1 Masters"]
[Site "Marianske Lazne CZE"]
[Date "2011.01.18"]
[Round "4"]
[White "Volodin,V"]
[Black "Zier,O"]
[Result "1/2-1/2"]
[WhiteElo "2223"]
[BlackElo "2131"]

1.Nf3 d5 2.d4 Nf6 3.c4 e6 4.g3 Be7 5.Bg2 O-O 6.Qc2 c5 7.O-O cxd4 8.Nxd4 Nc6
9.Nxc6 bxc6 10.Rd1 Ba6 11.b3 Qb6 12.Be3  1/2-1/2

[Event "3rd Chennai Open"]
[Site "Chennai IND"]
[Date "2011.01.19"]
[Round "2"]
[White "Neelotpal,D"]
[Black "Sai,KG"]
[Result "1-0"]
[WhiteElo "2477"]
[BlackElo "2319"]

1.d4 d5 2.c4 e6 3.Nf3 Be7 4.g3 Nf6 5.Bg2 O-O 6.O-O Nbd7 7.Qc2 c6 8.Nbd2 b6
9.e4 Ba6 10.b3 c5 11.Rd1 Rc8 12.exd5 exd5 13.Bb2 Re8 14.Qf5 g6 15.Qh3 Rc7
16.cxd5 Bc8 17.Nc4 Ne5 18.dxe5 Bxh3 19.Bxh3 Nxd5 20.Ne3 Nxe3 21.Rxd8 Rxd8
22.fxe3 c4 23.bxc4 Rxc4 24.Nd4 Re8 25.Bd7 Rd8 26.e6 f6 27.Bb5 Rc7 28.Nc6 a6
29.Nxe7+ Rxe7 30.Bxf6  1-0

[Event "B1 Masters"]
[Site "Marianske Lazne CZE"]
[Date "2011.01.21"]
[Round "8"]
[White "Dimitrijeski,B"]
[Black "Bulmaga,I"]
[Result "1-0"]
[WhiteElo "2233"]
[BlackElo "2260"]

1.d4 Nf6 2.c4 e6 3.g3 d5 4.Bg2 Be7 5.Nf3 O-O 6.O-O dxc4 7.Qc2 a6 8.a4 Nc6
9.Qxc4 a5 10.Rd1 Nb4 11.Nc3 c6 12.Ne5 Nfd5 13.e4 Nb6 14.Qe2 f6 15.Nf3 Qe8
16.Be3 f5 17.Ne5 Bf6 18.Rac1 fxe4 19.Bxe4 N6d5 20.f4 Kh8 21.Bb1 b6 22.Bf2 Bb7
23.Ne4 Rd8 24.Qg4 c5 25.Ng5 Bxe5 26.fxe5 Ne7 27.Bxh7 g6 28.Qh3 Kg7 29.Nxe6+ Kf7
30.Nxd8+ Qxd8 31.dxc5 Nd3 32.Bxg6+ Kxg6 33.Qe6+ Kg7 34.Rxd3 Qxd3 35.Qxe7+ Rf7
36.Qg5+ Kh7 37.Qh4+ Kg7 38.Qg4+ Kf8 39.c6 Qd2 40.Rf1 Ba6 41.c7 Qc2 42.e6 Rf6
43.e7+ Kf7 44.e8=Q+ Kxe8 45.Qg8+ Kd7 46.Qd8+ Ke6 47.Re1+ Kf5 48.Qd5+ Kg6
49.Qg8+ Kf5 50.Qh7+ Rg6 51.Qf7+  1-0

[Event "3rd Chennai Open"]
[Site "Chennai IND"]
[Date "2011.01.26"]
[Round "11"]
[White "Ram,S"]
[Black "Sangma,R"]
[Result "0-1"]
[WhiteElo "2242"]
[BlackElo "2386"]

1.Nf3 Nf6 2.c4 e6 3.g3 d5 4.Bg2 Be7 5.d4 O-O 6.O-O c6 7.Qc2 Nbd7 8.Nbd2 b6
9.e4 Ba6 10.b3 Rc8 11.Bb2 c5 12.exd5 exd5 13.Qf5 dxc4 14.Nxc4 Bb7 15.Rfe1 cxd4
16.Nxd4 Bxg2 17.Kxg2 Bb4 18.Re2 Re8 19.Rd1 Qc7 20.Rxe8+ Rxe8 21.Qf3 Bf8 22.h4 a6
23.Rc1 b5 24.Ne3 Qe5 25.Rc6 Bc5 26.Nef5 a5 27.Ba1 Bxd4 28.Bxd4 Qe4 29.Bxf6 Nxf6
30.Nd6 Qxf3+ 31.Kxf3 Rb8 32.Nxb5 Nd7 33.Rc7 Rxb5 34.Rxd7 g6 35.Ra7 Kg7 36.Ke4 g5
37.hxg5 Rxg5 38.Kd4 Rf5 39.Kc4 h5 40.a4 Kg6 41.Ra6+ Kg5 42.Rb6 Rxf2 43.Rb5+ Kg4
44.Rxa5 f5 45.Ra8 Kxg3 46.Rg8+ Kf4 47.a5 Ra2 48.b4 h4 49.Rg1 Ra3 50.Kb5 h3
51.a6 h2 52.Rh1 Kg3 53.Kb6 Kg2 54.Rc1  0-1

[Event "Moscow Open Young GM"]
[Site "Moscow RUS"]
[Date "2011.01.28"]
[Round "2"]
[White "Krylov,M RUS"]
[Black "Zhigalko,S"]
[Result "1/2-1/2"]
[WhiteElo "2499"]
[BlackElo "2671"]

1.d4 Nf6 2.c4 e6 3.g3 d5 4.Nf3 Be7 5.Bg2 O-O 6.O-O dxc4 7.Qc2 a6 8.a4 Bd7
9.Qxc4 Bc6 10.Bf4 a5 11.Nc3 Na6 12.Ne5 Bxg2 13.Kxg2 Nd5 14.Rad1 Nxf4+ 15.gxf4 c6
16.e3 Nb4 17.Rg1 Nd5 18.Kh1 f6 19.Nd3 Qd7 20.Qb3 Rf7 21.e4 Nb4 22.Nc5 Bxc5
23.dxc5 Qe7 24.Rd6 Re8 25.Ne2 f5 26.e5 Nd5 27.Nd4 Nxf4 28.Qg3 Nh5 29.Qh3 Nf4
30.Qg3 Nh5 31.Qh3  1/2-1/2

[Event "Gibraltar Masters"]
[Site "Caleta ENG"]
[Date "2011.01.30"]
[Round "6.40"]
[White "Slavin,A"]
[Black "Tscharotschkin,M"]
[Result "1/2-1/2"]
[WhiteElo "2417"]
[BlackElo "2181"]

1.d4 d5 2.c4 e6 3.Nf3 Nf6 4.g3 Be7 5.Bg2 O-O 6.O-O dxc4 7.Qc2 a6 8.a4 c6
9.a5 b5 10.axb6 Bb7 11.Bg5 Nbd7 12.Nbd2 c5 13.dxc5 Bxc5 14.Nxc4 Bxb6 15.Nd6 Qb8
16.Nxb7 Qxb7 17.Nd4 Nd5 18.Nc6 Bc5 19.Ne7+ Bxe7 20.Bxe7 Rfc8 21.Qd2 Nc5 22.Bxd5 exd5
23.Bxc5 Rxc5 24.Rfc1 Rac8 25.Rxc5 Rxc5 26.Qe3 Rc8 27.Qe5 g6 28.Rd1 Qb8 29.Rxd5 Qxe5
30.Rxe5 Rb8  1/2-1/2

[Event "Frauenbundesliga 1st Div 2010-11"]
[Site "Germany GER"]
[Date "2011.01.30"]
[Round "7.5"]
[White "Straub,N"]
[Black "Steinbacher,C"]
[Result "1/2-1/2"]
[WhiteElo "2226"]
[BlackElo "2112"]

1.d4 Nf6 2.c4 e6 3.g3 d5 4.Nf3 Be7 5.Bg2 O-O 6.O-O c5 7.cxd5 Nxd5 8.e4 Nb6
9.Nc3 Nc6 10.dxc5 Qxd1 11.Rxd1 Bxc5 12.Bf4 f6 13.Rac1 e5 14.Nb5 exf4 15.Rxc5 fxg3
16.hxg3 Bg4 17.Rdc1  1/2-1/2

[Event "TCh-HUN 2010-11"]
[Site "Szombathely HUN"]
[Date "2011.01.30"]
[Round "5"]
[White "Zentai,P2"]
[Black "Nemeth,Mi1"]
[Result "1/2-1/2"]
[WhiteElo "2311"]
[BlackElo "2454"]

1.d4 Nf6 2.c4 e6 3.g3 d5 4.Nf3 Be7 5.Bg2 O-O 6.O-O dxc4 7.Qc2 a6 8.Qxc4 b5
9.Qc2 Bb7 10.Bd2 Ra7 11.Rc1 Be4 12.Qb3 Bd5 13.Qc2 Nc6 14.e3 Qa8 15.Qd1 Ne4
16.Nc3 Nxc3 17.Bxc3 Rd8 18.Qe2 Nb8 19.Ba5 Bd6 20.a3 Nd7 21.Rc2 Nb6 22.Bxb6 cxb6
23.Ne1 Bxg2 24.Nxg2 e5 25.dxe5 Bxe5 26.Rd1 Rad7 27.Rxd7 Rxd7 28.Ne1 Bf6 29.Qf3 Qd8
30.Kg2 h6 31.Qe2 Qa8+  1/2-1/2

[Event "Renfe Blitz"]
[Site "Valencia ESP"]
[Date "2011.02.01"]
[Round "2"]
[White "Anand,V"]
[Black "Karpov,Ana"]
[Result "1/2-1/2"]
[WhiteElo "2810"]
[BlackElo "2619"]

1.d4 Nf6 2.c4 e6 3.Nf3 d5 4.g3 Be7 5.Bg2 O-O 6.Qc2 dxc4 7.Nbd2 c5 8.dxc5 Bxc5
9.Nxc4 Nc6 10.O-O Qe7 11.a3 a5 12.Bf4 Nd5 13.Bg5 f6 14.Bd2 b5 15.Ne3 Bxe3
16.Qxc6 Bd7 17.Qc2 Rac8 18.Qd3 Bxd2 19.Qxd2 b4 20.e4 Nb6 21.axb4 Qxb4 22.Rfd1 Qxd2
23.Rxd2 a4 24.Rd6 Rc6 25.Rad1 Rxd6 26.Rxd6 Rb8 27.Rd4 e5 28.Rb4 Bc6 29.Nd2 Nd7
30.Rxb8+ Nxb8 31.Bf1 Nd7 32.f3 Kf8 33.Kf2 Ke7 34.Ke3 Kd6 35.b3 axb3 36.Nxb3 Ba4
37.Nd2 Nb6 38.Nc4+ Nxc4+ 39.Bxc4  1/2-1/2

[Event "33rd Bulgarian Open"]
[Site "Plovdiv BUL"]
[Date "2011.02.04"]
[Round "7.5"]
[White "Tadic,Br"]
[Black "Dobrev,Nan"]
[Result "0-1"]
[WhiteElo "2518"]
[BlackElo "2399"]

1.Nf3 Nf6 2.c4 e6 3.g3 d5 4.d4 Be7 5.Bg2 O-O 6.O-O c5 7.cxd5 exd5 8.Nc3 Nc6
9.b3 Ne4 10.Bb2 Bf6 11.Na4 b6 12.dxc5 Bxb2 13.Nxb2 Nxc5 14.Nd4 Nxd4 15.Qxd4 Bb7
16.Rfd1 Qe7 17.e3 Rad8 18.Nd3 Ne6 19.Qb4 Rd6 20.Nf4 Rfd8 21.Ne2 d4 22.Bxb7 Qxb7
23.Nxd4 Ng5 24.Rac1 Rxd4 25.exd4 Nh3+ 26.Kf1 Qh1+ 27.Ke2 Qe4+ 28.Kd2 Nxf2
29.Qd6 Qd3+ 30.Ke1 Re8+  0-1

[Event "Schachbundesliga 2010-11"]
[Site "Remagen GER"]
[Date "2011.02.05"]
[Round "8"]
[White "Ragger,M"]
[Black "Bulski,K"]
[Result "0-1"]
[WhiteElo "2628"]
[BlackElo "2459"]

1.Nf3 Nf6 2.c4 e6 3.g3 d5 4.Bg2 Be7 5.d4 O-O 6.O-O c6 7.Qc2 Nbd7 8.Nbd2 b6
9.e4 dxc4 10.Nxc4 Bb7 11.e5 Nd5 12.Qe4 b5 13.Ncd2 c5 14.Qg4 g6 15.dxc5 Nxc5
16.Nb3 Nd3 17.Bh6 Re8 18.Nc1 Nxb2 19.Rb1 Nc4 20.Rxb5 Ndb6 21.Re1 Rc8 22.Rb3 Qd5
23.Nd3 Qa5 24.Re2 Rc7 25.h4 Bxf3 26.Bxf3 Nd7 27.Qf4 Rd8 28.Kg2 Ndb6 29.Nb4 Qa4
30.h5 Na5 31.Rb1 Rc4 32.Re4 Rxe4 33.Qxe4 Nbc4 34.Nd3 Qc2 35.Rd1 Qc3 36.Qe2 g5
37.Be4 f5 38.Bf3 Kf7 39.g4 Rd4 40.gxf5 exf5 41.e6+ Kf6 42.Ne1 Rxd1 43.Qxd1 Ne5
44.Be2 Nac4 45.Nc2 f4 46.Bxc4 Qxc4 47.Nd4 Qd5+ 48.Kg1 Nc6 49.Qf3 Qxd4 50.Qxc6 Qd1+
51.Kg2 Qg4+ 52.Kf1 Qh3+ 53.Ke1 Qxe6+ 54.Qxe6+ Kxe6 55.f3 Kf5 56.Kf2 g4 57.Kg2 Bc5
58.a4 a6 59.Bg7 Kg5 60.h6 Bd6 61.fxg4 Kxg4 62.Bd4 Bf8 63.Bg7 Bc5 64.Be5 f3+
65.Kh2 Be3 66.Bg7 Bf4+ 67.Kg1 Kg3 68.Bf8 Be3+ 69.Kf1 Kg4 70.Bg7 Kh5 71.Bf8 Bxh6
72.Bxh6 Kxh6 73.Kf2 Kg5 74.Kxf3 Kf5  0-1

[Event "TCh-BEL 2010-11"]
[Site "Ghent BEL"]
[Date "2011.02.06"]
[Round "8.3"]
[White "Van der Stricht,G"]
[Black "Gillain,C"]
[Result "1-0"]
[WhiteElo "2392"]
[BlackElo "2114"]

1.d4 e6 2.c4 Nf6 3.g3 Be7 4.Bg2 d5 5.Nf3 O-O 6.O-O b6 7.cxd5 exd5 8.Nc3 Bb7
9.Bf4 c6 10.Ne5 Nbd7 11.Rc1 Re8 12.e4 dxe4 13.Qb3 Nd5 14.Nxd5 cxd5 15.Nxd7 Ba6
16.Qxd5 Bxf1 17.Bxf1 Bf8 18.Bc4 Re7 19.Nxf8  1-0

[Event "ch-TUR"]
[Site "Kemer-Antalya TUR"]
[Date "2011.02.06"]
[Round "2"]
[White "Severcan,Sedat Sabri"]
[Black "Erke,M"]
[Result "1/2-1/2"]
[WhiteElo "2006"]
[BlackElo "1889"]

1.d4 d5 2.Nf3 Nf6 3.c4 e6 4.g3 Be7 5.Bg2 c6 6.O-O Nbd7 7.b3 O-O 8.Nc3 b6
9.Bb2 a5 10.Qc2 Ba6 11.Nd2 b5 12.Rfe1 Qc7 13.cxd5 cxd5 14.Qd1 Qa7 15.e4 Nb6
16.e5 Nfd7 17.Bf1 b4 18.Nb5 Bxb5 19.Bxb5 a4 20.Bd3 Rfc8 21.Nf1 Qb7 22.Ne3 axb3
23.axb3 Rxa1 24.Bxa1 Qa7 25.f4 f6 26.f5 fxe5 27.fxe6 Nf8 28.dxe5 Bc5 29.e7 Qxe7
30.Kh1 Bxe3 31.Rxe3 Qc5 32.Bd4 Qc1 33.Re1 Qxd1 34.Rxd1 Nbd7 35.Bf5 Rc6 36.Bb2 Nb6
37.Bd4 Nc8 38.Ra1 Ne7 39.Bg4 Ne6 40.Bxe6+ Rxe6 41.Ra4 Nc6 42.Bc5 Rxe5 43.Ra6 Re6
44.Bxb4 d4 45.Kg1 Kf7 46.Bd2 d3 47.Kf1 Nd4 48.Rxe6 Kxe6 49.Kf2 Nxb3 50.Bc3 g5
51.Ke3 Nc5 52.Bb4 Na6 53.Ba3 Kf5 54.h3 Nc7 55.g4+ Ke6 56.Kxd3 Nd5 57.Bc1 Kf6
58.Bb2+ Kg6 59.Ke4 Nf4 60.h4 Ne6 61.h5+ Kh6 62.Kf5 Nf4 63.Ba3 Nxh5 64.Bf8+ Ng7+
65.Kf6  1/2-1/2

[Event "ch-TUR"]
[Site "Kemer-Antalya TUR"]
[Date "2011.02.09"]
[Round "6"]
[White "Narman,G"]
[Black "Guven,B"]
[Result "0-1"]
[WhiteElo "2079"]
[BlackElo "1809"]

1.d4 Nf6 2.c4 e6 3.g3 d5 4.Nf3 Be7 5.Bg2 O-O 6.O-O dxc4 7.Qc2 a6 8.Qxc4 b5
9.Qc2 Bb7 10.Bd2 Ra7 11.e3 Nbd7 12.Ba5 Qa8 13.Nbd2 c5 14.dxc5 Bxc5 15.Rac1 Bb6
16.Bxb6 Nxb6 17.Qc5 Na4 18.Qe5 Rd8 19.Rc2 Ne4 20.Nxe4 Bxe4 21.Nh4 Bxg2 22.Nxg2 Rd5
23.Qe4 Nc5 24.Qf3 Nd3 25.Nf4 Nxf4 26.Rfc1 Nh3+ 27.Kg2 Rd8 28.Qxa8 Raxa8 29.Kxh3 g6
30.e4 e5 31.Kg4 Rd4 32.Kf3 Rad8 33.Rc8 Rxc8 34.Rxc8+ Kg7 35.Ke3 Rd1 36.Rc5 Re1+
37.Kd3 Rd1+ 38.Ke2 Rb1 39.Rc2 g5 40.b3 f6 41.Kf3 Ra1 42.Ke3 h5 43.Re2 g4
44.f3 Rf1 45.Rf2 Re1+ 46.Kd2 Ra1 47.Kc3 gxf3 48.Kb4 f5 49.Rxf3 fxe4 50.Rf2 Kg6
51.a4 bxa4 52.bxa4 Re1 53.Ka5 e3 54.Rf3 e2 55.Rf2 e4 56.Kxa6 e3 57.Rg2 Kf5
58.h3 Ke4 59.g4 Ke5  0-1

[Event "1st Open"]
[Site "Cento ITA"]
[Date "2011.02.12"]
[Round "9"]
[White "Urosevic,G"]
[Black "Bossoni,M"]
[Result "1-0"]
[WhiteElo "2228"]
[BlackElo "1952"]

1.d4 Nf6 2.Nf3 d5 3.c4 e6 4.g3 Be7 5.Bg2 O-O 6.O-O c6 7.Qc2 Na6 8.Bf4 dxc4
9.Qxc4 Nd5 10.Nc3 Nxf4 11.gxf4 Bd6 12.e3 Qe7 13.Ne4 Rd8 14.Rac1 Bd7 15.Kh1 Rac8
16.Nfg5 g6 17.a3 h6 18.Nxd6 Qxd6 19.Ne4 Qe7 20.Qc3 f5 21.Nc5 Nxc5 22.dxc5 Be8
23.Rfd1 Bf7 24.Qe5 Rxd1+ 25.Rxd1 Qh4 26.Kg1 Qg4 27.Rd2 Qh4 28.Rd6 Rd8 29.Bf3 Qe7
30.Qd4 Rxd6 31.cxd6 Qd7 32.Qxa7 Qxd6 33.Qxb7 c5 34.Qc6 Qd2 35.Qc8+ Kh7 36.Qf8 Bg8
37.Qe7+ Kh8 38.Qxc5 Qxb2 39.Qe5+ Qxe5 40.fxe5 Bf7 41.Bc6 Be8  1-0

[Event "ch-TUR"]
[Site "Kemer-Antalya TUR"]
[Date "2011.02.12"]
[Round "9"]
[White "Yalcin,Ozgun"]
[Black "Temizkan,D"]
[Result "0-1"]
[WhiteElo "1878"]
[BlackElo "1682"]

1.d4 d5 2.c4 e6 3.Nf3 Nf6 4.g3 Be7 5.Bg2 O-O 6.O-O c6 7.Qc2 Nbd7 8.Nbd2 b6
9.e4 Ba6 10.b3 Rc8 11.Rd1 b5 12.c5 dxe4 13.Nxe4 Nxe4 14.Qxe4 Nxc5 15.Qc2 Nd7
16.Bb2 Qb6 17.h4 Nf6 18.Ne5 Bb7 19.Qe2 c5 20.dxc5 Bxc5 21.Bxb7 Qxb7 22.Rac1 Ne4
23.Nd3 Nxg3  0-1

[Event "16th Lienz-Open 2011"]
[Site "Lienz AUT"]
[Date "2011.02.12"]
[Round "1"]
[White "Tratar,M"]
[Black "Thier,R"]
[Result "1-0"]
[WhiteElo "2482"]
[BlackElo "1931"]

1.d4 d5 2.c4 e6 3.Nf3 Nf6 4.g3 Be7 5.Bg2 O-O 6.O-O dxc4 7.Ne5 c5 8.dxc5 Qc7
9.Nxc4 Qxc5 10.Qb3 Nc6 11.Be3 Qh5 12.Nc3 Ng4 13.h3 Nxe3 14.Nxe3 Na5 15.Qa4 Rb8
16.Rfd1 Nc6 17.Rac1 e5 18.g4 Qh6 19.Ned5 Bh4 20.e4 Bg5 21.Rb1 Be6 22.Nb4 Nxb4
23.Qxb4 b6 24.Qd6 Bf4 25.Nd5 Bxd5 26.Qxh6 Bxh6 27.exd5 Rbc8 28.d6 Rfd8 29.b4 Rc2
30.a4 Ra2 31.Bc6 Kf8 32.d7 Rc2 33.b5 Ke7 34.Rb4 Bf4 35.Rd3 Ra2 36.Kg2 g5
37.Kf3 Rh8 38.Be4 Kd8 39.Rc4 Ke7 40.d8=Q+  1-0

[Event "16th Lienz-Open 2011"]
[Site "Lienz AUT"]
[Date "2011.02.12"]
[Round "1"]
[White "Sebenik,M"]
[Black "Nohl,H"]
[Result "1-0"]
[WhiteElo "2526"]
[BlackElo "1934"]

1.Nf3 d5 2.d4 e6 3.c4 Nf6 4.g3 Be7 5.Bg2 O-O 6.O-O Nbd7 7.Qc2 dxc4 8.Qxc4 Nb6
9.Qc2 c6 10.e4 Bd7 11.Nc3 Rc8 12.Rd1 Re8 13.e5 Nfd5 14.Ne4 Qc7 15.Bg5 Bf8
16.Rac1 Nb4 17.Qb1 N6d5 18.a3 Na6 19.Bf1 Qb6 20.b4 h6 21.Bd2 Nb8 22.Bc4 Red8
23.Bxh6 gxh6 24.Bxd5 Bg7 25.Ba2 Rf8 26.Qd3 f5 27.exf6 Bxf6 28.Ne5 Bxe5 29.dxe5  1-0

[Event "IV Open A"]
[Site "Gora Swietej Anny POL"]
[Date "2011.02.14"]
[Round "4.7"]
[White "Nowak,Mac"]
[Black "Janocha,J"]
[Result "1-0"]
[WhiteElo "2033"]
[BlackElo "1782"]

1.d4 e6 2.Nf3 Nf6 3.c4 d5 4.g3 Be7 5.Bg2 c6 6.O-O O-O 7.Qc2 b6 8.Bf4 Bb7
9.Nc3 Nbd7 10.cxd5 Nxd5 11.Bd2 c5 12.Nxd5 Bxd5 13.e4 Bb7 14.Bc3 cxd4 15.Nxd4 Nf6
16.Rad1 Qb8 17.Rfe1 a6 18.Qb3 Bc5 19.a4 a5 20.Nb5 e5 21.h3 Bc6 22.Rd2 Rd8
23.Qc2 Bxb5 24.axb5 Qc7 25.Red1 Rxd2 26.Qxd2 h6 27.Kh2 Re8 28.f3 Qe7 29.h4 Qe6
30.Qc2 Qe7 31.Bf1 Nh7 32.Rd5 Qf6 33.f4 Bd6 34.Qd3 Bb8 35.Bh3 g5 36.hxg5 hxg5
37.Bd7 Re7 38.f5 Qh6+ 39.Kg2 g4 40.Bc6 Qh3+ 41.Kg1 Ng5 42.Rd8+ Kg7 43.Rxb8 Nf3+
44.Kf2 Qh2+ 45.Kf1 Qxg3 46.Qe3 Nh2+ 47.Ke2 Qf4 48.Qxf4  1-0

[Event "16th Lienz-Open 2011"]
[Site "Lienz AUT"]
[Date "2011.02.17"]
[Round "7"]
[White "Heinig,Wo"]
[Black "Steiner,Ka"]
[Result "1-0"]
[WhiteElo "2323"]
[BlackElo "2091"]

1.d4 d5 2.c4 e6 3.Nf3 Nf6 4.g3 Be7 5.Bg2 O-O 6.O-O c6 7.Qc2 Nbd7 8.Nbd2 Qc7
9.e4 dxe4 10.Nxe4 Nxe4 11.Qxe4 Nf6 12.Qe2 Rd8 13.Bf4 Bd6 14.Bg5 Qe7 15.Rad1 h6
16.Bd2 c5 17.Bc3 Bd7 18.dxc5 Bxc5 19.Ne5 Be8 20.a3 Ba4 21.Rxd8+ Rxd8 22.b4 Bd4
23.Bxd4 Rxd4 24.Qe3 Rd1 25.Rxd1 Bxd1 26.Qxa7 Qd6 27.Qa8+ Kh7 28.Qh8+ Kxh8
29.Nxf7+ Kg8 30.Nxd6 b6 31.Bc6 Ng4 32.Bd7 e5 33.Nc8  1-0

[Event "ch-ROU Men"]
[Site "Sarata Monteoru ROU"]
[Date "2011.02.17"]
[Round "7.4"]
[White "Szabo,G ROM"]
[Black "Cioara,A"]
[Result "1/2-1/2"]
[WhiteElo "2542"]
[BlackElo "2427"]

1.d4 Nf6 2.c4 e6 3.g3 d5 4.Nf3 Be7 5.Bg2 O-O 6.O-O dxc4 7.Qc2 a6 8.Qxc4 b5
9.Qc2 Bb7 10.Bd2 Be4 11.Qc1 Bb7 12.Re1 Qc8 13.Bg5 Nbd7 14.Nbd2 c5 15.dxc5 Nxc5  1/2-1/2

[Event "ch-ROU Men"]
[Site "Sarata Monteoru ROU"]
[Date "2011.02.18"]
[Round "9.19"]
[White "Dragomirescu,R"]
[Black "Siclovan,C"]
[Result "0-1"]
[WhiteElo "2403"]
[BlackElo "2086"]

1.c4 Nf6 2.Nf3 e6 3.g3 d5 4.Bg2 Be7 5.d4 O-O 6.O-O Nbd7 7.Qc2 b6 8.cxd5 exd5
9.Bf4 c5 10.Nc3 Bb7 11.Rfd1 c4 12.Ne5 Rc8 13.b3 b5 14.bxc4 bxc4 15.Qa4 a5
16.Qb5 Bb4 17.Nxd5 Bxd5 18.Nxd7 Bxg2 19.Nxf6+ Qxf6 20.Kxg2 Qe6 21.a3 Qe4+
22.Kg1 Bc3 23.Ra2 Bxd4 24.Qxa5 c3 25.Qb5 Rfd8 26.Rc1 h6 27.h4 c2 28.Rf1 Rc5
29.Qa6 g5 30.hxg5 hxg5 31.Bc1 Qd5 32.Rb2 Bxb2 33.Bxb2 Rc6 34.Qa4 Rh6 35.e4 Qd3
36.Qa5 Rh5 37.Qe5 Rh1+ 38.Kxh1 Qxf1+ 39.Kh2 Qxf2+ 40.Kh3 Qf1+ 41.Kg4 Qd1+
42.Kf5 Qf3+ 43.Kxg5 f6+ 44.Qxf6 Qxf6+ 45.Kxf6 Rd1 46.a4 Rb1 47.Ba3 Ra1 48.Bb2 Rxa4
49.e5 Rb4 50.Ba3 Rb3 51.Bc1 Rb1 52.Bh6 c1=Q 53.Bxc1 Rxc1 54.g4 Rf1+ 55.Ke6 Kg7  0-1

[Event "TCh-CAT Div Hon"]
[Site "Barcelona ESP"]
[Date "2011.02.19"]
[Round "4.3"]
[White "Matnadze,A"]
[Black "Gonzalez Rodriguez,JA"]
[Result "1-0"]
[WhiteElo "2397"]
[BlackElo "2422"]

1.d4 Nf6 2.g3 e6 3.c4 d5 4.Bg2 Be7 5.Nf3 b6 6.Nc3 Bb7 7.Ne5 O-O 8.O-O Qc8
9.cxd5 Nxd5 10.e4 Nxc3 11.bxc3 Nd7 12.Nd3 c5 13.Be3 Nf6 14.f3 Rd8 15.Rf2 Nd7
16.Rd2 Bc6 17.Nf4 e5 18.dxe5 Nxe5 19.Nd5 Bf8 20.Qe2 b5 21.Rad1 Re8 22.Bf4 Ng6
23.Be3 Ne5 24.Bf4 Ng6 25.c4 Nxf4 26.Nxf4 b4 27.Bh3 Qa6 28.e5 Qb7 29.e6 fxe6
30.Bxe6+ Kh8 31.Qf1 Bxf3 32.Re1 g5 33.Rd7 Qc6 34.Qh3 Qxd7 35.Bxd7 Rxe1+ 36.Kf2 g4
37.Qh5 Rd1 38.Bf5 Kg7 39.Qxh7+ Kf6 40.Qg6+ Ke5 41.Qe6+ Kd4 42.Qe3+ Kxc4 43.Bd3+ Kc3
44.Be4+ Kb2 45.Qb3+ Ka1 46.Bxf3 Rd2+ 47.Ke3 Rb2 48.Bxa8 Rxb3+ 49.axb3 Kb2
50.Bd5 Kc2 51.Nd3 Bd6 52.Nf2 a5 53.Nxg4 a4 54.bxa4 b3 55.a5 Kc3 56.Nf2 Kb4
57.Nd3+ Kc3 58.a6 Bb8 59.Ne5 b2 60.Ba2  1-0